000 00957nam a22003377a 4500
001 0072307
003 KOHA_MİRAKIL
005 20260207005050.0
007 ta
008 241202b2012 tu |||gr||||#0|||0|tur |
020 _a9789944795005
040 _aTR-BiSEU
_btur
_cTR-BiSEU
_erda
041 0 _atur
044 _ctu
050 _aB430
_b.A75 2012
100 0 _aAristoteles.
245 1 _aNikomakhos'a etik/
_cAristoteles ; Aristoteles; çeviren Saffet Babür.
264 1 _aAnkara :
_bBilgesu Yayıncılık
_c2012
300 _a240 sayfa; 24cm.
336 _ametin
_btxt
_2rdacontent
337 _aaracısız
_bn
_2rdamedia
338 _acilt
_bnc
_2rdacarrier
500 _aKaynakça var.
650 0 _aEtik.
_975205
650 0 _aAhlaki gerçeklik.
_9143981
650 0 _aAristoteles.
_970258
650 0 _aPhilosophy, Ancient.
_928319
650 0 _aGreek literature, Hellenistic.
_9143982
907 _aFelsefe
942 _2lcc
_cBK
999 _c73061
_d73061